The Building Regulations explained & illustrated. (Record no. 87298)

MARC details
000 -LEADER
fixed length control field 00743cam a2200253 4500
008 - FIXED-LENGTH DATA ELEMENTS--GENERAL INFORMATION
fixed length control field 090401t1992 xxu||||| |||| 00| 0 eng d
020 ## - INTERNATIONAL STANDARD BOOK NUMBER
International Standard Book Number 0632033789
035 ## - SYSTEM CONTROL NUMBER
System control number (Sirsi) u15698
041 ## - LANGUAGE CODE
Language code of text/sound track or separate title eng
050 ## - LIBRARY OF CONGRESS CALL NUMBER
Classification number 692.2
100 ## - MAIN ENTRY--PERSONAL NAME
Personal name Powell-Smith, Vincent
245 #4 - TITLE STATEMENT
Title The Building Regulations explained & illustrated.
250 ## - EDITION STATEMENT
Edition statement 9th ed.
260 ## - PUBLICATION, DISTRIBUTION, ETC.
Place of publication, distribution, etc. Oxford
Name of publisher, distributor, etc. Blackwell Scientific Publications
Date of publication, distribution, etc. 1992
300 ## - PHYSICAL DESCRIPTION
Extent ca.550p. : ill. ; 24cm.
350 ## - PRICE (NR) (BK AM CF MU VM SE) [OBSOLETE]
Price 22.5
520 ## - SUMMARY, ETC.
Summary, etc. First six editions were by Vincent Powell-Smith and W.S. Whyte.
650 ## - SUBJECT ADDED ENTRY--TOPICAL TERM
Topical term or geographic name entry element BUILDING REGULATIONS
9 (RLIN) 6224
650 ## - SUBJECT ADDED ENTRY--TOPICAL TERM
Topical term or geographic name entry element WHYTE W S
690 ## - LOCAL SUBJECT ADDED ENTRY--TOPICAL TERM (OCLC, RLIN)
Topical term or geographic name as entry element BUILDING AND CONSTRUCTION-REGULATIONS
700 ## - ADDED ENTRY--PERSONAL NAME
Personal name Billington, M. J.
942 ## - ADDED ENTRY ELEMENTS (KOHA)
Suppress in OPAC 0
948 ## - LOCAL PROCESSING INFORMATION (OCLC); SERIES PART DESIGNATOR (RLIN)
c (OCLC) 04/03/1997
Holdings
Withdrawn status Lost status Source of classification or shelving scheme Damaged status Not for loan Home library Current library Shelving location Date acquired Cost, normal purchase price Total Checkouts Full call number Barcode Date last seen Copy number Cost, replacement price Price effective from Koha item type
    Dewey Decimal Classification     London London Basement 11/02/1993 22.50   SHELF 133 30038061 06/08/2019 1 22.50 06/08/2019 Book